| 000 | nam a22 7a 4500 | ||
|---|---|---|---|
| 999 |
_c9331 _d9331 |
||
| 008 | 180508b ||||| |||| 00| 0 eng d | ||
| 020 | _a0-395-61353-1 | ||
| 082 |
_21993 _aDC 540 _bEb1 |
||
| 100 |
_927748 _aEbbing, Darrell D. |
||
| 245 |
_aGeneral chemistry/ _cDarrell D. Ebbing, Mark S. Wrighton, consulting editor. |
||
| 250 | _aFourth Edition | ||
| 260 |
_aBoston: _bHoughton Mifflin Company, _c©1993. |
||
| 300 |
_axxx, 1085 pages: _bcolor illustrations; _c26 cm. |
||
| 500 | _aIncludes index. | ||
| 650 | 0 |
_927749 _aChemistry, General |
|
| 700 |
_927750 _aWrighton, Mark S. _econsulting editor |
||
| 942 |
_2ddc _cDC |
||